LDR 00752naa#a2200193#i#450# 001 EN\FGKOU VO SPBU MVD ROSSII\bibl\110178 005 20260429043526.3 011 ## _a2713-0622 100 ## _a20260428b2026####ek#y0engy0150####ca 102 ## _aRU 200 1# _aSocio-psychological characteristics of risk prone behavior in adolescents with disabilities _eJournal article 210 1# _aSt. Petersburg _cSAINT-PETERSBURG UNIVERSITY OF THE MINISTRY OF INTERNAL AFFAIRS OF THE RUSSIAN FEDERATION _d2026 215 ## _a14 с. 608 ## _aJournal article _2local 675 ## _aАбнормальные дети. 159.922.76 _z 700 #1 _aMaksimova _gLyudmila Aleksandrovna 700 #1 _aSmirnov _gAleksandr Vasilievich 700 #1 _aValiev _gRavil Azatovich 856 4# _avestnikspbmvd.ru _u